000
00272nam a2200109Ia 4500
008
190914s9999||||xx |||||||||||||| ||und||
100
_a
Papamichael N
245
0
_a
Computational Methods and Function Theory
260
_a
India
_b
Addision
_c
1991
300
_a
292
942
_c
BK
999
_c
8625
_d
8625